| 000 | 00325nam a2200133Ia 4500 | ||
|---|---|---|---|
| 008 | 230917s9999||||xx |||||||||||||| ||und|| | ||
| 040 |
_e88781 _aMAIN |
||
| 041 | _aEnglish | ||
| 082 | _a709.54 L154L | ||
| 245 | 0 | _aLalit kala contemporary 34 | |
| 260 |
_aNew Delhi _bLalit Kala Akademi _c1987 |
||
| 300 | _a76 p. | ||
| 942 | _cBK | ||
| 999 |
_c96450 _d96450 |
||